000 00684nam a22001937a 4500
999 _c167696
_d167696
005 20190917115447.0
010 _aUR-10463
020 _c300.00
_a-
035 _aU-9018
037 _bDBAD/PUB
_a-
082 _a841
100 _aعليم صبا نو يد ی
245 _aنعتيہ شا عر ی ميں ھيتی تجر بے
_cعليم صبا نو يد ی
246 _bNatia Shairi Mein hy -yati Tahribey Urdu)
_aby Aleem Saba Naveedi
260 _aChennai
_bAleem Saba Naveedi
_c2019ء
270 _a# 266,Triplicane High Road RiceMandy Street,
_bChennai
_e600005
_k919176137462
_l-
300 _a126 ص
_c22 Cm(Hb)
942 _2ddc
_cUR
_h841
_mع ل ی